<?xml version="1.0" encoding="UTF-8"?>
<record
    xmlns:xsi="http://www.w3.org/2001/XMLSchema-instance"
    xsi:schemaLocation="http://www.loc.gov/MARC21/slim http://www.loc.gov/standards/marcxml/schema/MARC21slim.xsd"
    xmlns="http://www.loc.gov/MARC21/slim">

  <leader>02037nam a2200229Ia 4500</leader>
  <controlfield tag="003">OSt</controlfield>
  <controlfield tag="005">20240509124226.0</controlfield>
  <controlfield tag="008">210719s2021    xx            000 0 und d</controlfield>
  <datafield tag="040" ind1=" " ind2=" ">
    <subfield code="c">AL</subfield>
  </datafield>
  <datafield tag="041" ind1=" " ind2=" ">
    <subfield code="a">Kannada</subfield>
  </datafield>
  <datafield tag="082" ind1=" " ind2=" ">
    <subfield code="a">364.1523K RAVA</subfield>
  </datafield>
  <datafield tag="100" ind1=" " ind2=" ">
    <subfield code="a">RAVI BELAGERE</subfield>
    <subfield code="d">&#xCB0;&#xCB5;&#xCBF; &#xCAC;&#xCC6;&#xCB3;&#xC97;&#xCC6;&#xCB0;&#xCC6;</subfield>
    <subfield code="9">163948</subfield>
  </datafield>
  <datafield tag="245" ind1=" " ind2=" ">
    <subfield code="a">Amma nannannu yake konde?</subfield>
    <subfield code="b">&#xC85;&#xCAE;&#xCCD;&#xCAE;&#xCBE; &#xCA8;&#xCA8;&#xCCD;&#xCA8;&#xCA8;&#xCCD;&#xCA8;&#xCC1; &#xCAF;&#xCBE;&#xC95;&#xCC7; &#xC95;&#xCCA;&#xC82;&#xCA6;&#xCC6;</subfield>
  </datafield>
  <datafield tag="260" ind1=" " ind2=" ">
    <subfield code="a">Bengaluru</subfield>
    <subfield code="b">Bhavana Prakashana</subfield>
    <subfield code="c">2021</subfield>
  </datafield>
  <datafield tag="300" ind1=" " ind2=" ">
    <subfield code="a">111</subfield>
    <subfield code="b">PB</subfield>
  </datafield>
  <datafield tag="365" ind1=" " ind2=" ">
    <subfield code="b">150</subfield>
    <subfield code="c">Rs</subfield>
  </datafield>
  <datafield tag="520" ind1=" " ind2=" ">
    <subfield code="a">&#xC86;&#xCB8;&#xCCD;&#xCA4;&#xCBF;&#xC97;&#xCBE;&#xC97;&#xCBF; &#xC95;&#xCCA;&#xCB2;&#xCC6;&#xC97;&#xCB3;&#xCBE;&#xC97;&#xCC1;&#xCB5;&#xCC1;&#xCA6;&#xCC1; &#xCB9;&#xCCA;&#xCB8;&#xCA6;&#xCC7;&#xCA8;&#xCB2;&#xCCD;&#xCB2;. &#xC86;&#xCA6;&#xCB0;&#xCC6; &#xC87;&#xC82;&#xCA6;&#xCCD;&#xCB0;&#xCBE;&#xCA3;&#xCBF; &#xC8E;&#xC82;&#xCAC; &#xCAE;&#xCC2;&#xCB0;&#xCC1; &#xC97;&#xC82;&#xCA1;&#xC82;&#xCA6;&#xCBF;&#xCB0; &#xCB9;&#xCC6;&#xC82;&#xC97;&#xCB8;&#xCC1; &#xCAE;&#xCBE;&#xCA1;&#xCBF;&#xCA6; &#xC95;&#xCCA;&#xCB2;&#xCC6; &#xC87;&#xCA6;&#xCC6;&#xCAF;&#xCB2;&#xCCD;&#xCB2;&#xCBE;? &#xC85;&#xCA6;&#xCC1; &#xCA8;&#xCBF;&#xC9C;&#xC95;&#xCCD;&#xC95;&#xCC2; &#xC98;&#xCCB;&#xCB0;. &#xC86;&#xC95;&#xCC6;&#xCAF;&#xCB2;&#xCCD;&#xCB2;&#xCBF; &#xCAE;&#xCA8;&#xCC1;&#xCB7;&#xCCD;&#xCAF;&#xCA4;&#xCCD;&#xCB5;&#xCA6; &#xCB2;&#xCB5;&#xCB2;&#xCC7;&#xCB6;&#xCB5;&#xCC2; &#xCA8;&#xCBF;&#xCAE;&#xC97;&#xCC6; &#xC95;&#xCBE;&#xCA3;&#xCB8;&#xCBF;&#xC97;&#xCC1;&#xCB5;&#xCC1;&#xCA6;&#xCBF;&#xCB2;&#xCCD;&#xCB2;. &#xCB9;&#xCC6;&#xCA4;&#xCCD;&#xCA4; &#xCAE;&#xC97;&#xCB3;&#xCC1; &#xC86;&#xCB8;&#xCCD;&#xCA4;&#xCBF; &#xCB5;&#xCBF;&#xC9A;&#xCBE;&#xCB0;&#xCA6;&#xCB2;&#xCCD;&#xCB2;&#xCBF; &#xCA4;&#xCBF;&#xCB0;&#xCC1;&#xC97;&#xCBF; &#xCAC;&#xCBF;&#xCA6;&#xCCD;&#xCA6;&#xCBE;&#xCB3;&#xCC1; &#xC8E;&#xC82;&#xCAC; &#xC92;&#xC82;&#xCA6;&#xCC7; &#xC92;&#xC82;&#xCA6;&#xCC1; &#xC95;&#xCBE;&#xCB0;&#xCA3;&#xC95;&#xCCD;&#xC95;&#xCC6; &#xC86;&#xC95;&#xCC6;&#xCAF;&#xCA8;&#xCCD;&#xCA8;&#xCC1; &#xC85;&#xCA4;&#xCCD;&#xCAF;&#xC82;&#xCA4; &#xCA8;&#xCBF;&#xCB0;&#xCCD;&#xCA6;&#xCAF;&#xCB5;&#xCBE;&#xC97;&#xCBF; &#xC95;&#xCCA;&#xC82;&#xCA6;&#xCC1; &#xCB8;&#xCC1;&#xC9F;&#xCCD;&#xC9F;&#xCC1; &#xCB9;&#xCBE;&#xC95;&#xCC1;&#xCB5; &#xC88; &#xCB9;&#xCC6;&#xC82;&#xC97;&#xCB8;&#xCC1; &#xCA4;&#xCA8;&#xCCD;&#xCA8; &#xCAE;&#xC97;&#xCA8;&#xCA8;&#xCCD;&#xCA8;&#xCC2; &#xC95;&#xCCA;&#xCB2;&#xCCD;&#xCB2;&#xCB2;&#xCC1; &#xCB8;&#xC82;&#xC9A;&#xCC1; &#xCB0;&#xCC2;&#xCAA;&#xCBF;&#xCB8;&#xCC1;&#xCA4;&#xCCD;&#xCA4;&#xCBE;&#xCB3;&#xCC6;. &#xCAE;&#xCC2;&#xCB0;&#xCC1; &#xCB5;&#xCB0;&#xCCD;&#xCB7;&#xC97;&#xCB3; &#xC95;&#xCBE;&#xCB2; &#xC9C;&#xC97;&#xCA4;&#xCCD;&#xCA4;&#xCBF;&#xCA8; &#xC8E;&#xCA6;&#xCC1;&#xCB0;&#xCBF;&#xC97;&#xCC6; &#xCAE;&#xC97;&#xCB3;&#xCC1; &#xCAC;&#xCA6;&#xCC1;&#xC95;&#xCBF;&#xCA6;&#xCCD;&#xCA6;&#xCBE;&#xCB3;&#xCC6; &#xC85;&#xC82;&#xCA4;&#xCB2;&#xCC7; &#xCAC;&#xCBF;&#xC82;&#xCAC;&#xCBF;&#xCB8;&#xCC1;&#xCA4;&#xCCD;&#xCA4;&#xCBE;&#xCB3;&#xCC6;. &#xCAF;&#xCBE;&#xCB5;&#xCC1;&#xCA6;&#xCC7; &#xC95;&#xCBE;&#xCB0;&#xCA3;&#xC95;&#xCCD;&#xC95;&#xCC2; &#xCAF;&#xCBE;&#xCB0;&#xCBF;&#xC97;&#xCC2; &#xC85;&#xCA8;&#xCC1;&#xCAE;&#xCBE;&#xCA8; &#xCAC;&#xCBE;&#xCB0;&#xCA6;&#xC82;&#xCA4;&#xCC6; &#xCB9;&#xCC6;&#xC9C;&#xCCD;&#xC9C;&#xCC6; &#xCB9;&#xCC6;&#xC9C;&#xCCD;&#xC9C;&#xCC6;&#xC97;&#xCC2; &#xC8E;&#xC9A;&#xCCD;&#xC9A;&#xCB0; &#xCB5;&#xCB9;&#xCBF;&#xCB8;&#xCC1;&#xCA4;&#xCCD;&#xCA4;&#xCBE;&#xCB3;&#xCC6;. &#xC95;&#xCA1;&#xCC6;&#xC97;&#xCC2; &#xC86;&#xC95;&#xCC6;&#xCAF; &#xCAA;&#xCBE;&#xCAA;&#xCA6; &#xC95;&#xCCA;&#xCA1; &#xCA4;&#xCC1;&#xC82;&#xCAC;&#xCC1;&#xCA4;&#xCCD;&#xCA4;&#xCA6;&#xCC6;.
</subfield>
  </datafield>
  <datafield tag="650" ind1=" " ind2=" ">
    <subfield code="a">Criminology</subfield>
    <subfield code="9">163949</subfield>
  </datafield>
  <datafield tag="650" ind1=" " ind2=" ">
    <subfield code="a">Criminology</subfield>
    <subfield code="9">163949</subfield>
  </datafield>
  <datafield tag="906" ind1=" " ind2=" ">
    <subfield code="a">Amma ; Bora ; konde? ; nannannu ; Sheena ; yake</subfield>
  </datafield>
  <datafield tag="942" ind1=" " ind2=" ">
    <subfield code="2">ddc</subfield>
    <subfield code="c">BK</subfield>
  </datafield>
  <datafield tag="999" ind1=" " ind2=" ">
    <subfield code="c">211802</subfield>
    <subfield code="d">211802</subfield>
  </datafield>
  <datafield tag="952" ind1=" " ind2=" ">
    <subfield code="0">0</subfield>
    <subfield code="1">0</subfield>
    <subfield code="4">0</subfield>
    <subfield code="7">0</subfield>
    <subfield code="8">Kannada</subfield>
    <subfield code="a">AL</subfield>
    <subfield code="b">AL</subfield>
    <subfield code="d">2021-02-10</subfield>
    <subfield code="e">General Annual | Navakarnataka Publication Pvt Ltd Mangalore</subfield>
    <subfield code="g">150.00</subfield>
    <subfield code="l">0</subfield>
    <subfield code="o">364.1523K RAVA</subfield>
    <subfield code="p">074616</subfield>
    <subfield code="r">2021-07-19 00:00:00</subfield>
    <subfield code="v">120.00</subfield>
    <subfield code="w">2021-07-19</subfield>
    <subfield code="y">BK</subfield>
  </datafield>
</record>
